Grand quiz Formule 1 saison 2020 - Statistiques

Statistiques générales
  • Ce quiz a été pris 1 567 fois
    1 502 depuis la dernière actualisation
  • Le résultat moyen est 17 sur 51
Statistiques - réponses
Questions Réponses % Correct
1) Quelle écurie termine 5ème du championnat constructeur ? Renault
83%
7) Qui signe la première pole de la saison ? Valtteri Bottas
66%
2) Qui est le team principal de McLaren ? Zak Brown
66%
12) Combien d'abandon Valterri Bottas a-t-il subi ? 1
64%
11) Combien de pilotes ont couru cette saison ? 23
61%
23) En 2021, quel moteur équipera McLaren ? Mercedes
56%
16) Combien de fois Lewis Hamilton a-t-il fini sur le podium ? 14
55%
28) Comment se renommera l'écurie Racing Point en 2021 ? Aston Martin
54%
36) Quelle couleur arborent les pneus médium ? Jaune
53%
34) Combien de types de pneus Pirelli propose-t-il sur piste sèche ? 3
52%
18) Combien de fois ? 4
50%
20) Quel numéro arbore George Russell ? 63
50%
8) Qui a été élu pilote du jour le plus de fois ? (4) Max Verstappen
49%
17) Quelle équipe de midfield a terminé sur le podium le plus souvent ? Racing Point
48%
45) Quel français n'étant jamais monté sur le podium auparavant, l'a fait cette année ? Esteban Ocon
46%
47) Quel jeune japonais fera ses débuts en F1 en 2021 ? Yuki Tsunoda
46%
48) Au sein de quelle écurie ? AlphaTauri
44%
26) Quelle fut la meilleure position en qualifications obtenue par Kevin Magnussen ? P15
43%
44) Selo DHL, quelle écurie a fait les pit-stops les plus rapides ? Red Bull Racing
42%
49) Combien de duos de pilotes sont reconduits en 2021 ? 3
41%
15) Quelle écurie est basée à Kannapolis ? Haas F1 Team
39%
7) Qui réalise le premier tour le plus rapide de la saison ? Lando Norris
37%
6) Sur quel circuit se déroule le GP de l'Eifel ? Nürburgring
34%
37) Quel est le circuit la plus longue de la saison ? Spa-Francorchamps
32%
21) Avec combien de points l'écurie Alfa Romeo Racing finit-elle sa saison ? 8
31%
39) Quelle écurie à comme sponsor PNK Orlen ? Alfa Romeo Racing
31%
29) Il y'a eu 3 GP en Italie cette année : à Monza, Imola et ... Mugello
31%
25) Quel pilote finit sa saison avec un total de 2 points ? Romain Grosjean
31%
22) Quelle est la seule écurie à avoir une femme comme pilote de remplacement ? Alfa Romeo Racing
28%
46) Quel système apporté par Mercedes en début de saison a fait polémique ? DAS
27%
5) Qui termine 11ème du championnat des pilotes ? Lance Stroll
25%
3) Où se trouve l'usine d'AlphaTauri ? Faenza
23%
41) Quel pays devant accueillir pour la première fois la F1 a finalement vu son GP annulé ? Viet Nam
23%
9) Comment s'appelle la Ferrari de cette année ? SF1000
22%
35) Comment se nomment les spécifications les plus dures ? C1
21%
33) Dans quel pays la F1 devait-elle retourner après 35 ans d'absence ? Pays-Bas
20%
40) Quel pilote apporte ce sponsor ? Robert Kubica
18%
38) Combien de tours étaient imposés lors du GP de Sakhir ? 87
16%
27) En F1 ESports Series, quelle est la dernière écurie du classement constructeurs ? BWT Racing Point
14%
42) Où s'est déroulé le 3éme Gp de la saison ? Hongrie
12%
10) Quel pilote a gagné en tout 48 places lors des 1er tours ? Antonio Giovinazzi
11%
19) Comment se nomme le patron de cette écurie ? Otmar Szafnauer
11%
4) Où se déroulait le douzième GP de la saison ? Portugal
11%
30) A la fin de la saison, combien de départs Kimi Raikkonen a-t-il à son actif ? 330
10%
13) A quel GP ? Eifel
10%
24) Qui occupe la quinzième place du classement des pilotes ? Nico Hülkenberg
8%
43) Quel GP s'est déroulé le 15 novembre 2020 ? Turquie
8%
50) Avec combien de points Lewis Hamilton devient-il 7 fois champion du monde ? 347
3%
31) Quel ancien pilote Sauber est pilote essayeur Ferrari cette saison ? Pascal Wehrlein
2%
14) Si on additionne les totaux de points de Gasly, Stroll, Ocon et Grosjean, à quel total de points arrive-t-on ? Celui de Max Verstappen
1%
32) Comment s'appelle le nouveau Team Principal de chez Williams, remplaçant Claire Williams ? Simon Roberts
1%
Aucun quiz correspondant
Distribution des résultats
% des personnes avec chaque résultat
Percentile par nombre de réponses
Votre historique - résultats
Vous n’avez pas pris ce quiz depuis la dernière actualisation